Statistiques concernant Les Pokémon de la 1G à la 6G

Cliquez ici pour prendre le quiz!

Statistiques générales

  • Ce quiz a été pris 929 fois
    (809 depuis la dernière actualisation)
  • Le résultat moyen est 253 sur 721

Statistiques - réponses

NuméroNom% Correct
1Bulbizarre
94%
4Salamèche
93%
2Herbizarre
92%
3Florizarre
92%
6Dracaufeu
91%
7Carapuce
91%
5Reptincel
90%
8Carabaffe
90%
9Tortank
90%
25Pikachu
87%
10Chenipan
85%
26Raichu
85%
12Papilusion
83%
151Mew
81%
11Chrysacier
81%
14Coconfort
80%
16Roucool
80%
150Mewtwo
79%
173Mélo
79%
17Roucoups
79%
13Aspicot
79%
18Roucarnage
79%
15Dardargnan
77%
172Pichu
75%
148Draco
75%
133Evoli
74%
149Dracolosse
73%
144Artikodin
72%
19Rattata
72%
135Voltali
72%
146Sulfura
72%
134Aquali
71%
36Mélodelfe
70%
147Minidraco
70%
155Héricendre
70%
35Mélofée
70%
136Pyroli
70%
145Electhor
69%
249Lugia
69%
39Rondoudou
69%
255Poussifeu
69%
20Rattatac
69%
252Arcko
68%
258Gobou
68%
197Noctali
68%
257Brasegali
67%
152Germignon
67%
250Ho-oh
67%
23Abo
66%
95Onix
66%
157Typhlosion
66%
158Kaiminus
66%
251Celebi
66%
94Ectoplasma
65%
383Groudon
65%
21Piafabec
65%
40Grodoudou
65%
24Arbok
65%
22Rapasdepic
65%
196Mentali
65%
32Nidoran ♂
64%
74Racaillou
64%
93Spectrum
64%
92Fantominus
64%
154Méganium
64%
130Léviator
64%
29Nidoran ♀
64%
129Magicarpe
64%
126Magmar
64%
38Feunard
63%
52Miaouss
63%
33Nidorino
63%
254Jungko
63%
160Aligatueur
63%
382Kyogre
63%
30Nidorina
63%
153Macronium
63%
156Feurisson
63%
76Grolem
62%
125Elektek
62%
253Massko
62%
53Persian
62%
63Abra
62%
245Suicune
62%
244Entei
62%
256Galifeu
62%
31Nidoqueen
62%
37Goupix
62%
240Magby
61%
64Kadabra
61%
471Givrali
61%
34Nidoking
61%
700Nymphali
61%
484Palkia
61%
239Elekid
61%
65Alakazam
61%
483Dialga
60%
243Raikou
60%
75Gravalanch
60%
59Arcanin
60%
384Rayquaza
60%
143Ronflex
60%
260Laggron
59%
58Caninos
59%
393Tiplouf
59%
41Nosferapti
58%
387Tortipouss
58%
390Ouisticram
58%
716Xerneas
58%
470Phyllali
58%
717Yveltal
58%
259Flobio
58%
66Machoc
58%
208Steelix
57%
159Crocrodil
57%
395Pingoléon
57%
82Magneton
57%
392Simiabraz
57%
42Nosferalto
57%
81Magneti
57%
174Toudoudou
57%
27Sabelette
56%
67Machopeur
56%
68Mackogneur
56%
389Torterra
56%
109Smogo
56%
121Staross
55%
123Insecateur
55%
110Smogogo
55%
120Stari
55%
43Mystherbe
54%
467Maganon
54%
140Kabuto
54%
113Leveinard
54%
28Sablaireau
54%
385Jirachi
54%
44Ortide
53%
656Grenousse
53%
377Regirock
53%
498Gruikui
53%
653Feunnec
53%
466Elekable
53%
124Lippoutou
53%
379Registeel
53%
45Rafflésia
53%
487Giratina
53%
128Tauros
52%
643Reshiram
52%
394Prinplouf
52%
142Ptéra
52%
60Ptitard
52%
137Porygon
52%
141Kabutops
52%
644Zekrom
51%
169Nostenfer
51%
107Tygnon
51%
61Tetarte
51%
118Poissirène
51%
391Chimpenfeu
51%
378Regice
51%
493Arceus
51%
138Amonita
51%
62Tartard
51%
139Amonistar
51%
386Deoxys
50%
388Boskara
50%
495Vipelierre
50%
486Regigigas
49%
658Amphinobi
49%
499Grotichon
49%
500Roitiflam
49%
503Clamiral
49%
718Zygarde
49%
721Volcanion
49%
119Poissoroy
49%
116Hypotrempe
49%
117Hypocéan
49%
77Ponyta
49%
131Lokhlass
49%
122M. Mime
49%
242Leuphorie
48%
212Cizayox
48%
501Moustillon
48%
100Voltorbe
48%
497Majaspic
48%
496Lianaja
48%
88Tadmorv
48%
230Hyporoi
48%
89Grotadmorv
48%
381Latios
48%
380Latias
48%
78Galopa
48%
106Kicklee
48%
71Empiflor
47%
70Boustiflor
47%
69Chétiflor
47%
80Flagadoss
47%
79Ramoloss
47%
491Darkrai
47%
175Togepi
47%
49Aéromite
47%
719Diancie
47%
101Electrode
47%
650Marisson
47%
462Magnézone
46%
265Chenipotte
46%
72Tentacool
46%
48Mimitoss
46%
112Rhinoféros
46%
73Tentacruel
46%
87Lamantine
45%
127Scarabrute
45%
46Paras
45%
111Rhinocorne
45%
47Parasect
44%
238Lippouti
44%
90Kokiyas
44%
182Joliflor
44%
108Excelangue
44%
163Hoothoot
44%
248Tyranocif
44%
132Metamorph
44%
720Hoopa
44%
50Taupiqueur
44%
86Otaria
44%
282Gardevoir
44%
104Osselait
44%
56Férosinge
44%
54Psykokwak
44%
502Mateloutre
44%
280Tarsal
43%
57Colossinge
43%
646Kyurem
43%
396Etourmi
43%
55Akwakwak
43%
115Kangourex
43%
91Crustabri
43%
84Doduo
43%
233Porygon 2
43%
51Triopikeur
43%
105Ossatueur
43%
398Etouraptor
42%
657Croaporal
42%
199Roigada
42%
397Etourvol
42%
440Ptiravi
42%
266Armulys
42%
246Embrylex
42%
176Togetic
42%
114Saquedeneu
42%
85Dodrio
42%
474Porygon Z
42%
482Crefadet
41%
268Blindalys
41%
98Krabby
41%
247Ymphect
41%
236Débugant
41%
237Kapoera
41%
164Noarfang
41%
490Manaphy
41%
185Simularbre
41%
488Cresselia
41%
494Victini
41%
281Kirlia
40%
83Canarticho
40%
103Noadkoko
40%
480Crehelf
40%
489Phione
40%
269Papinox
40%
655Goupelin
40%
373Drattak
40%
97Hypnomade
39%
481Crefollet
39%
640Viridium
39%
652Blindépique
39%
371Draby
39%
492Shaymin
39%
468Togekiss
39%
439Mime Jr
38%
162Fouinar
38%
638Cobaltium
38%
99Krabboss
38%
96Soporifik
38%
161Fouinette
38%
654Roussil
38%
102Noeunoeuf
38%
186Tarpaud
38%
181Pharamp
38%
263Zigzaton
38%
485Heatran
38%
200Feuforêve
38%
651Boguerisse
37%
648Meloetta
37%
362Oniglali
37%
645Demeteros
37%
475Gallame
37%
241Ecremeuh
37%
267Charmillon
37%
276Nirondelle
37%
639Terrakium
36%
642Fulguris
36%
165Coxy
36%
180Lainergie
36%
264Linéon
36%
312Negapi
36%
311Posipi
36%
167Mimigal
36%
647Keldeo
36%
277Heledelle
36%
465Bouldeneu
36%
446Goinfrex
36%
168Migalos
35%
429Magireve
35%
229Demolosse
35%
166Coxyclaque
35%
183Marill
35%
215Farfuret
35%
202Qulbutoke
35%
198Cornebre
35%
361Stalgamin
34%
184Azumarill
34%
399Keunotor
33%
179Wattouat
33%
203Girafarig
33%
349Barpau
33%
376Metalosse
33%
350Milobellus
33%
374Terhal
33%
641Boreas
33%
477Noctunoir
33%
193Yanma
33%
228Malosse
32%
464Rhinastoc
32%
298Azurill
32%
478Momartik
32%
375Metang
32%
405Luxray
32%
404Luxio
32%
214Scarhino
32%
448Lucario
32%
661Passerouge
32%
201Zarbi
32%
649Genesect
32%
463Coudlangue
31%
461Dimoret
31%
445Carchacrok
31%
227Airmure
31%
355Skelenox
31%
663Flambusard
31%
403Lixy
31%
315Rosélia
31%
400Castorno
31%
519Poichigeon
31%
190Capumain
30%
189Cotovol
30%
372Drackhaus
30%
438Manzai
30%
330Libegon
30%
587Emolga
30%
171Lanturn
30%
170Loupio
30%
226Demanta
30%
507Ponchien
30%
506Ponchiot
30%
270Nenupiot
30%
187Granivol
29%
336Seviper
29%
221Cochignon
29%
443Griknot
29%
413Cheniselle
29%
410Dinoclier
29%
447Riolu
29%
188Floravol
29%
271Lombre
29%
279Bekipan
29%
278Goélise
29%
430Corboss
29%
412Cheniti
28%
407Roserade
28%
207Scorplane
28%
414Papilord
28%
444Carmache
28%
473Mammochon
28%
272Ludicolo
28%
261Medhyena
28%
218Limagma
28%
206Insolourdo
28%
508Mastouffe
28%
469Yanmega
28%
521Déflaisan
28%
302Tenefix
28%
356Teraclope
28%
359Absol
28%
406Rozbouton
27%
324Chartor
27%
262Grahyena
27%
220Marcacrin
27%
234Cerfrousse
27%
360Okeoke
27%
354Branette
27%
411Bastiodon
26%
334Altaria
26%
273Grainipiot
26%
275Tengalice
26%
219Volcaropod
26%
274Pifeuil
26%
319Sharpedo
26%
195Maraiste
26%
194Axoloto
26%
192Heliatronc
26%
472Scorvol
26%
329Vibraninf
26%
328Kraknoix
26%
178Xatu
26%
177Natu
26%
504Ratentif
26%
232Donphan
25%
217Ursaring
25%
235Queulorior
25%
231Phanpy
25%
224Octillery
25%
223Remoraid
25%
348Armaldo
25%
213Caratroc
25%
424Capidextre
25%
345Lilia
25%
366Coquiperl
25%
520Colombeau
25%
299Tarinor
25%
417Pachirisu
25%
479Motisma
25%
370Lovdisc
25%
310Elecsprint
25%
409Charkos
25%
408Kranidos
25%
306Galeking
25%
304Galekid
25%
662Braisillon
25%
702Dedenne
25%
300Skitty
24%
515Flotajou
24%
353Polichombr
24%
513Flamajou
24%
204Pomdepik
24%
335Mangriff
24%
333Tylton
24%
191Tournegrin
24%
363Obalie
24%
321Wailord
24%
303Mysdibule
24%
289Monaflemit
24%
309Dynavolt
23%
323Camerupt
23%
320Wailmer
23%
418Mustebouée
23%
305Galegon
23%
358Eoko
23%
222Corayon
23%
216Teddiursa
23%
205Foretress
23%
505Miradar
23%
346Vacilys
23%
367Serpang
23%
287Parecool
23%
610Coupenotte
23%
510Leopardus
23%
511Feuillajou
23%
571Zoroark
23%
301Delcatty
23%
698Amagara
23%
509Chacripan
22%
347Anorith
22%
542Manternel
22%
211Qwilfish
22%
699Dragmara
22%
514Flamoutan
22%
612Tranchodon
22%
516Flotoutan
22%
553Crocorible
22%
458Babimanta
22%
364Phogleur
22%
570Zorua
22%
369Relicanth
22%
368Rosabyss
22%
284Maskadra
22%
283Arakdo
22%
365Kaimorse
22%
476Tarinorme
22%
419Mustéflott
21%
666Prismillon
21%
659Sapereau
21%
331Cacnéa
21%
531Nanméouie
21%
599Tic
21%
297Hariyama
21%
427Laporeille
21%
432Chaffreux
21%
551Mascaiman
21%
546Doudouvet
21%
318Carvanha
21%
210Granbull
21%
288Vigoroth
21%
322Chamallot
21%
431Chaglam
21%
626Frison
21%
607Funécire
20%
706Muplodocus
20%
552Escroco
20%
545Brutapode
20%
609Lugulabre
20%
704Mucuscule
20%
544Scobolide
20%
600Clic
20%
332Cacturne
20%
547Farfaduvet
20%
543Venipatte
20%
308Charmina
20%
540Larveyette
20%
293Chuchmur
20%
415Apitrini
20%
286Chapignon
20%
633Solochi
20%
635Trioxhydre
20%
296Makuhita
20%
416Apireine
20%
225Cadoizo
20%
292Munja
20%
428Lockpin
20%
209Snubbull
20%
357Tropius
20%
517Munna
20%
338Solaroc
20%
343Balbuto
19%
522Zebibron
19%
696Ptyranidur
19%
285Balignon
19%
523Zeblitz
19%
402Melokrik
19%
294Ramboum
19%
566Arkeapti
19%
460Blizzaroi
19%
459Blizzi
19%
433Korillon
19%
457Luminéon
19%
671Florges
19%
670Floette
19%
337Seleroc
19%
341Ecrapince
19%
541Couverdure
19%
669Flabébé
19%
455Vortente
19%
295Brouhabam
19%
594Mamanbo
19%
634Diamat
19%
456Ecayon
18%
518Mushana
18%
601Cliticlic
18%
584Sorbouboul
18%
453Cradopaud
18%
342Colhomard
18%
512Feuiloutan
18%
532Charpenti
18%
291Ninjask
18%
715Bruyverne
18%
714Sonistrelle
18%
705Colimucus
18%
577Nucléos
17%
585Vivaldaim
17%
344Kaorine
17%
583Sorboul
17%
582Sorbébé
17%
660Excavarenne
17%
703Strassie
17%
454Coatox
17%
538Judokrak
17%
665Peregrain
17%
697Rexillius
17%
533Ouvrifier
17%
527Chovsourir
17%
401Crikzik
17%
707Trousselin
17%
549Fragilady
17%
679Monorpale
17%
664Lepidonille
17%
608Mélancolux
17%
534Betochef
17%
611Incisache
16%
621Drakkarmin
16%
614Polagriffe
16%
307Meditikka
16%
586Haydaim
16%
632Fermite
16%
554Darumarond
16%
317Avaltout
16%
442Spiritomb
16%
290Ningale
16%
436Archéomire
16%
351Morphéo
16%
426Grodrive
16%
425Baudrive
16%
710Pitrouille
16%
420Ceribou
16%
524Nodulithe
16%
525Geolithe
16%
528Rhinolove
16%
631Aflamanoir
16%
539Karaclée
16%
555Darumacho
16%
580Couaneton
16%
681Exagide
16%
562Tutafeh
16%
563Tutankafer
16%
564Carapagos
16%
578Meios
16%
565Megapagos
16%
575Mesmerella
16%
713Seracrawl
15%
668Nemelios
15%
325Spoink
15%
637Pyrax
15%
680Dimoclès
15%
712Grelacon
15%
674Pandespiegle
15%
675Pandarbare
15%
326Groret
15%
711Banshitrouye
15%
708Brocelome
15%
667Helionceau
15%
690Venalgue
15%
327Spinda
15%
556Maracachi
15%
526Gigalithe
15%
435Moufflair
15%
593Moyade
15%
535Tritonde
15%
536Batracné
15%
421Ceriflor
15%
579Symbios
15%
314Lumivole
15%
576Siderella
15%
574Scrutella
15%
613Polarhume
15%
530Minotaupe
15%
434Moufouette
15%
618Limonde
15%
437Archéodong
15%
567Aeroptéryx
15%
316Gloupti
15%
592Viskuse
15%
548Chlorobule
15%
701Brutalibré
14%
673Chevroum
14%
629Vostourno
14%
572Chinchidou
14%
694Galvaran
14%
581Lakmécygne
14%
537Crapustule
14%
682Fluvetin
14%
693Gamblast
14%
684Sucroquin
14%
695Iguolta
14%
630Vaututrice
14%
529Rototaupe
14%
313Muciole
14%
628Guériaigle
14%
627Furaiglon
14%
623Golemastoc
14%
622Gringolem
14%
691Kravarech
14%
339Barloche
14%
606Neitram
14%
352Kecléon
14%
709Desseliande
14%
692Flingouste
14%
573Pashmilla
13%
615Hexagel
13%
340Barbicha
13%
550Bargantua
13%
423Tritosor
13%
422Sancoki
13%
624Scalpion
13%
441Pijako
13%
561Cryptéro
13%
636Pyronille
13%
596Mygavolt
13%
450Hippodocus
12%
687Sepiatroce
12%
625Scalproie
12%
686Sepiatop
12%
685Cupcanaille
12%
683Cocotine
12%
605Lewsor
12%
598Noacier
12%
595Statitik
12%
591Gaulet
12%
676Couafarel
12%
569Miasmax
12%
672Cabriolaine
12%
688Opermine
11%
449Hippopotas
11%
590Trompignon
11%
677Psystigri
11%
678Mistigrix
11%
557Crabicoque
11%
568Miamiasme
11%
588Carabing
10%
452Drascore
10%
559Baggiguane
10%
597Grindur
10%
689Golgopathe
10%
451Rapion
10%
616Escargaume
10%
617Limaspeed
10%
620Shaofouine
9%
560Baggaid
9%
589Lançargot
9%
619Kungfouine
9%
558Crabaraque
9%
602Anchwatt
8%
604Ohmassacre
8%
603Lampéroie
7%

Distribution des résultats

Percentile par nombre de réponses

% des personnes avec chaque résultat

Votre développement - résultats

Vous n’avez pas pris ce quiz depuis la dernière actualisation